Представление документа в формате MARC21

ПолеНазваниеЗначение
  Тип записи a
  Библиографический уровень m
001 Контрольный номер BIBLIOCLUB\0000727097
005 Дата корректировки 20260430154907.7
006 m o d
007 Элементы данных для физической характеристики c|||||||||||||
008 Кодируемые данные s2024 rus o rus d
020 Индекс ISBN __
a ISBN 978-5-9729-2115-7
041 Код языка издания 0_
a Код языка текста rus
084 Индекс другой классификации/Индекс ББК __
a Индекс другой классификации/Индекс ББК 22.151.34я73
b Номер единицы LBC/PL
2 Источник индекса rubbk
100 Автор 1_
a Автор Скобелева И. Ю.
245 Заглавие 10
a Заглавие Начертательная геометрия
b Продолж. заглавия учебное пособие
c Ответственность И. Ю. Скобелева, И. А. Ширшова, М. Л. Мухина
260 Выходные данные __
a Место издания Москва, Вологда
b Издательство Инфра-Инженерия
c Дата издания 2024
300 Физическое описание __
a Объем 168 с.
b Иллюстрации/ тип воспроизводства ил., табл.
653 Ключевые слова 1_
a Ключевые слова Учебник для высшей школы
700 Другие авторы _1
a Другие авторы Мухина М. Л.
700 Другие авторы _1
a Другие авторы Ширшова И. А.
856 Электронный адрес документа 40
3 Область применения данных поля Университетская библиотека ONLINE
u URL https://biblioclub.ru/index.php?page=book&id=727097
900 Электронные ресурсы __
a Имя электронного ресурса https://img.biblioclub.ru/sm_cover/73fa9cdbdd599c23a6a645ee60c4aa1fmx01bhreoe/cover.jpg